[Event "Rheinland Pfalz Seniors op"]
[Site "Altenkirchen"]
[Date "2023.09.06"]
[Round "2"]
[White "Migl, Dieter"]
[Black "Wild, Helmut"]
[Result "1/2-1/2"]
[WhiteElo "2089"]
[BlackElo "1914"]
[PlyCount "28"]
[EventDate "2023.09.05"]
[EventType "swiss"]
[EventRounds "9"]
[EventCountry "GER"]
[SourceTitle "EXT 2024"]
[Source "ChessBase"]
[SourceDate "2023.10.10"]
[SourceVersion "1"]
[SourceVersionDate "2023.10.10"]
[SourceQuality "1"]

1. e4 c6 2. c4 d5 3. cxd5 cxd5 4. exd5 Nf6 5. Qa4+ Nbd7 6. Nc3 a6 7. g3 b6 8. Bg2 Bb7 9. d4 b5 10. Qb3 Nb6 11. Nge2 Nfxd5 12. 0-0 e6 13. Nf4 Be7 14. Re1 Bf8 1/2-1/2

[Event "Oberliga Wuerttemberg 2122"]
[Site "Wuerttemberg"]
[Date "2022.04.24"]
[Round "5.6"]
[White "Gheng, Dominik"]
[Black "Migl, Dieter"]
[Result "0-1"]
[WhiteElo "2039"]
[BlackElo "2150"]
[PlyCount "40"]
[EventDate "2021.09.19"]
[EventType "team-tourn"]
[EventRounds "9"]
[EventCountry "GER"]
[SourceTitle "EXT 2023"]
[Source "ChessBase"]
[SourceDate "2022.10.05"]
[SourceVersion "1"]
[SourceVersionDate "2022.10.05"]
[SourceQuality "1"]
[WhiteTeam "Deizisau II"]
[BlackTeam "Stuttgart SF II"]
[WhiteTeamCountry "GER"]
[BlackTeamCountry "GER"]

1. e4 c5 2. c4 Nc6 3. Nc3 e6 4. g3 Nf6 5. Bg2 d5 6. exd5 exd5 7. Nxd5 Nxd5 8. Bxd5 Bf5 9. a3 Qe7+ 10. Kf1 0-0-0 11. Nf3 Bh3+ 12. Kg1 h6 13. d3 g5 14. Be3 Bg7 15. Qa4 Qf6 16. Nd2 Rhe8 17. Ne4 Qxb2 18. Re1 Nd4 19. Nd6+ Kb8 20. Qxe8 Rxe8 0-1

[Event "Oberliga Wuerttemberg 2122"]
[Site "Wuerttemberg"]
[Date "2021.12.19"]
[Round "4.4"]
[White "Migl, Dieter"]
[Black "Pogan, Nikolas"]
[Result "1/2-1/2"]
[WhiteElo "2150"]
[BlackElo "2234"]
[PlyCount "68"]
[EventDate "2021.09.19"]
[EventType "team-tourn"]
[EventRounds "9"]
[EventCountry "GER"]
[SourceTitle "EXT 2023"]
[Source "ChessBase"]
[SourceDate "2022.10.05"]
[SourceVersion "1"]
[SourceVersionDate "2022.10.05"]
[SourceQuality "1"]
[WhiteTeam "Stuttgart SF II"]
[BlackTeam "Heilbronn"]
[WhiteTeamCountry "GER"]
[BlackTeamCountry "GER"]

1. e4 c6 2. Nc3 d5 3. Nf3 Bg4 4. h3 Bxf3 5. Qxf3 e6 6. Be2 Bc5 7. 0-0 Ne7 8. d3 0-0 9. Qg3 Nd7 10. Kh1 Kh8 11. f4 f5 12. exd5 exd5 13. Bf3 Ng6 14. Bd2 Qh4 15. Qh2 Rae8 16. g3 Qd8 17. Rae1 Nf6 18. Rxe8 Rxe8 19. Re1 Kg8 20. Rxe8+ Qxe8 21. Qe2 Kf7 22. Qxe8+ Kxe8 23. Ne2 Kf7 24. Bc3 Ne7 25. Kg2 Nd7 26. a4 a6 27. b3 g6 28. g4 Nf8 29. Be5 Ne6 30. Kg3 Be3 31. Bg2 Bc5 32. Bf3 Be3 33. Bg2 Bc5 34. Bf3 Be3 1/2-1/2

[Event "Bad Griesbach Seniors op 23rd"]
[Site "Bad Griesbach"]
[Date "2021.11.16"]
[Round "3"]
[White "Migl, Dieter"]
[Black "Klein, Reinhard"]
[Result "1-0"]
[WhiteElo "2122"]
[BlackElo "1868"]
[PlyCount "39"]
[EventDate "2021.11.14"]
[EventType "swiss"]
[EventRounds "7"]
[EventCountry "GER"]
[SourceTitle "EXT 2024"]
[Source "ChessBase"]
[SourceDate "2023.10.10"]
[SourceVersion "1"]
[SourceVersionDate "2023.10.10"]
[SourceQuality "1"]

1. e4 d5 2. exd5 Nf6 3. d4 Nxd5 4. Nf3 g6 5. Be2 Bg7 6. 0-0 Nc6 7. Re1 0-0 8. c3 Re8 9. Bg5 h6 10. Bh4 Nf4 11. Bc4 g5 12. Bg3 Bf5 13. Na3 a6 14. Nc2 b5 15. Bf1 Bg6 16. a4 Rb8 17. axb5 axb5 18. Ra6 Qd7 19. h4 gxh4 20. Bxf4 1-0

[Event "Bad Griesbach Seniors op 23rd"]
[Site "Bad Griesbach"]
[Date "2021.11.14"]
[Round "1"]
[White "Migl, Dieter"]
[Black "Stummeyer, Dieter"]
[Result "1-0"]
[WhiteElo "2122"]
[BlackElo "1788"]
[PlyCount "93"]
[EventDate "2021.11.14"]
[EventType "swiss"]
[EventRounds "7"]
[EventCountry "GER"]
[SourceTitle "EXT 2024"]
[Source "ChessBase"]
[SourceDate "2023.10.10"]
[SourceVersion "1"]
[SourceVersionDate "2023.10.10"]
[SourceQuality "1"]

1. e4 c5 2. Nc3 Nc6 3. f4 e6 4. Nf3 d5 5. Bb5 d4 6. Bxc6+ bxc6 7. Ne2 d3 8. cxd3 Qxd3 9. Qa4 Qb5 10. Nc3 Qxa4 11. Nxa4 Ba6 12. Kf2 Nf6 13. Re1 Bd3 14. Nc3 Nd7 15. b3 Rb8 16. Ba3 Bd6 17. Ke3 Ba6 18. Rac1 Nb6 19. Nd1 Nd7 20. Nb2 Rb5 21. Nc4 Bc7 22. Bb2 f6 23. Bc3 Kf7 24. g3 Rbb8 25. Na5 Bb6 26. Nc4 Bc7 27. d3 Rhd8 28. Red1 Bb5 29. Bb2 a5 30. d4 cxd4+ 31. Nxd4 Bxc4 32. Rxc4 Bb6 33. Ke2 Nc5 34. Nxc6 Rxd1 35. Kxd1 Rc8 36. Nd4 Rd8 37. Ke2 Nxe4 38. Nf3 Nc5 39. Bd4 Rd5 40. Nd2 e5 41. fxe5 fxe5 42. Be3 Nd7 43. Bxb6 Nxb6 44. Rc7+ Nd7 45. Nc4 a4 46. Rxd7+ Rxd7 47. Nxe5+ 1-0

[Event "Oberliga Wuerttemberg 1718"]
[Site "Wuerttemberg"]
[Date "2018.02.18"]
[Round "7"]
[White "Bissbort, Julian"]
[Black "Migl, Dieter"]
[Result "0-1"]
[WhiteElo "2036"]
[BlackElo "2170"]
[PlyCount "104"]
[EventDate "2017.09.17"]
[EventType "team-tourn"]
[EventRounds "9"]
[EventCountry "GER"]
[SourceTitle "EXT 2019"]
[Source "ChessBase"]
[SourceDate "2018.10.10"]
[SourceVersion "1"]
[SourceVersionDate "2018.10.10"]
[SourceQuality "1"]
[WhiteTeam "Heilbronn"]
[BlackTeam "Stuttgart SF"]
[WhiteTeamCountry "GER"]
[BlackTeamCountry "GER"]

1. e4 c5 2. c3 Nf6 3. e5 Nd5 4. d4 cxd4 5. Nf3 d6 6. Bc4 e6 7. cxd4 Nc6 8. 0-0 Be7 9. Nbd2 0-0 10. Ne4 dxe5 11. dxe5 Nb6 12. Bb3 Qxd1 13. Rxd1 Bd7 14. Nd6 Na5 15. Bc2 Bc6 16. b3 Bd5 17. Ba3 Rfd8 18. Rac1 Rd7 19. Bd3 Nc6 20. Bb5 a6 21. Be2 Rad8 22. Bc5 Nc8 23. Nxc8 Rxc8 24. Bxe7 Rxe7 25. Rd2 Rb8 26. Rcd1 h6 27. h3 g5 28. Kh2 Bxf3 29. Bxf3 Nxe5 30. Rd8+ Rxd8 31. Rxd8+ Kg7 32. Be4 f5 33. Bd3 Rd7 34. Rxd7+ Nxd7 35. Kg3 Ne5 36. Be2 f4+ 37. Kh2 a5 38. Kg1 Kf6 39. Kf1 Kf5 40. Ke1 Ke4 41. Kd2 Kd4 42. a3 Nc6 43. Bg4 e5 44. Bc8 b6 45. f3 Ne7 46. Be6 Nd5 47. Bxd5 Kxd5 48. Kd3 b5 49. Kc3 e4 50. fxe4+ Kxe4 51. a4 bxa4 52. bxa4 Ke3 0-1

[Event "Oberliga Wuerttemberg 1112"]
[Site "Wuerttemberg"]
[Date "2011.11.13"]
[Round "3.7"]
[White "Weidel, Albrecht"]
[Black "Migl, Dieter"]
[Result "1/2-1/2"]
[WhiteElo "2139"]
[BlackElo "2170"]
[PlyCount "68"]
[EventDate "2011.10.09"]
[EventType "team-tourn"]
[EventRounds "9"]
[EventCountry "GER"]
[SourceTitle "EXT 2019"]
[Source "ChessBase"]
[SourceDate "2018.10.10"]
[SourceVersion "1"]
[SourceVersionDate "2018.10.10"]
[SourceQuality "1"]
[WhiteTeam "Biberach"]
[BlackTeam "Stuttgart SF II"]
[WhiteTeamCountry "GER"]
[BlackTeamCountry "GER"]

1. e4 Nc6 2. Nf3 d6 3. Nc3 Nf6 4. h3 e5 5. Bc4 Be7 6. 0-0 0-0 7. Re1 Nd4 8. d3 a6 9. Nxd4 exd4 10. Ne2 b5 11. Bb3 c5 12. Ng3 Be6 13. Bxe6 fxe6 14. c3 Kh8 15. a4 Qd7 16. f4 d5 17. cxd4 cxd4 18. Bd2 Rac8 19. Qb3 dxe4 20. dxe4 d3 21. Be3 d2 22. Red1 Bc5 23. Bxc5 Rxc5 24. Qb4 Rfc8 25. Rxd2 Qc7 26. Rf1 h6 27. axb5 axb5 28. Qb3 Qc6 29. Qe3 Rc4 30. Re1 h5 31. Rd4 h4 32. Rxc4 Qxc4 33. Nf1 Qb4 34. Re2 Rc4 1/2-1/2

[Event "Oberliga Wuerttemberg 0809"]
[Site "Wuerttemberg"]
[Date "2009.03.01"]
[Round "7.8"]
[White "Migl, Dieter"]
[Black "Eisele, Steffen"]
[Result "1-0"]
[WhiteElo "2126"]
[BlackElo "2174"]
[PlyCount "77"]
[EventDate "2008.10.12"]
[EventType "team-tourn"]
[EventRounds "9"]
[EventCountry "GER"]
[SourceTitle "EXT 2019"]
[Source "ChessBase"]
[SourceDate "2018.10.10"]
[SourceVersion "1"]
[SourceVersionDate "2018.10.10"]
[SourceQuality "1"]
[WhiteTeam "Stuttgart SF"]
[BlackTeam "Schmiden/Cannstatt"]
[WhiteTeamCountry "GER"]
[BlackTeamCountry "GER"]

1. e4 g6 2. Nc3 Bg7 3. f4 d6 4. Nf3 a6 5. a4 c5 6. Bc4 e6 7. 0-0 Ne7 8. Qe1 0-0 9. f5 d5 10. Ba2 dxe4 11. f6 exf3 12. fxg7 Kxg7 13. Rxf3 Nbc6 14. d3 Nf5 15. Ne4 h6 16. Bd2 b6 17. Rh3 Rh8 18. Qf2 Ra7 19. Rf1 Ne5 20. Qf4 Qd4+ 21. Kh1 g5 22. Nxg5 Qxf4 23. Bxf4 Ng6 24. Ne4 e5 25. Bd2 Nd4 26. Rg3 Nxc2 27. Rf6 c4 28. Bxc4 b5 29. Bxf7 Rxf7 30. Rgxg6+ Kf8 31. Rxf7+ Kxf7 32. Rc6 Nd4 33. Rxc8 Rxc8 34. Nd6+ Ke6 35. Nxc8 Kd7 36. Nb6+ Kc6 37. a5 Nb3 38. Bc3 Nc5 39. d4 1-0

[Event "Oberliga Wuerttemberg 0809"]
[Site "Wuerttemberg"]
[Date "2009.02.01"]
[Round "6.8"]
[White "Roth, Lothar"]
[Black "Migl, Dieter"]
[Result "1/2-1/2"]
[WhiteElo "2036"]
[BlackElo "2126"]
[PlyCount "34"]
[EventDate "2008.10.12"]
[EventType "team-tourn"]
[EventRounds "9"]
[EventCountry "GER"]
[SourceTitle "EXT 2019"]
[Source "ChessBase"]
[SourceDate "2018.10.10"]
[SourceVersion "1"]
[SourceVersionDate "2018.10.10"]
[SourceQuality "1"]
[WhiteTeam "Schwaebisch Gmuend"]
[BlackTeam "Stuttgart SF"]
[WhiteTeamCountry "GER"]
[BlackTeamCountry "GER"]

1. e4 e5 2. Nf3 Nc6 3. d4 exd4 4. c3 d5 5. exd5 Qxd5 6. cxd4 Bg4 7. Be2 Bb4+ 8. Nc3 Bxf3 9. Bxf3 Qc4 10. Bxc6+ bxc6 11. Qe2+ Qxe2+ 12. Kxe2 0-0-0 13. Be3 Ne7 14. Rhd1 Rhe8 15. Kf3 Rd6 16. g3 Rf6+ 17. Kg2 Nf5 1/2-1/2

[Event "Oberliga Wuerttemberg 0809"]
[Site "Wuerttemberg"]
[Date "2008.10.12"]
[Round "1.6"]
[White "Migl, Dieter"]
[Black "Schiestl, Uwe"]
[Result "0-1"]
[WhiteElo "2126"]
[BlackElo "2080"]
[PlyCount "58"]
[EventDate "2008.10.12"]
[EventType "team-tourn"]
[EventRounds "9"]
[EventCountry "GER"]
[SourceTitle "EXT 2019"]
[Source "ChessBase"]
[SourceDate "2018.10.10"]
[SourceVersion "1"]
[SourceVersionDate "2018.10.10"]
[SourceQuality "1"]
[WhiteTeam "Stuttgart SF"]
[BlackTeam "Stuttgart SF II"]
[WhiteTeamCountry "GER"]
[BlackTeamCountry "GER"]

1. e4 c5 2. Nc3 Nc6 3. f4 g6 4. Nf3 Bg7 5. Bb5 Nd4 6. a4 e6 7. d3 a6 8. Bc4 d6 9. 0-0 Ne7 10. Nxd4 Bxd4+ 11. Kh1 0-0 12. Qf3 Nc6 13. Qg3 Kh8 14. f5 gxf5 15. Bg5 f6 16. Bh6 Rg8 17. Qh4 Ne5 18. exf5 Rg4 19. Qh5 Qg8 20. fxe6 Nxc4 21. e7 Bd7 22. dxc4 Bxc3 23. bxc3 Bc6 24. Rf3 Rxg2 25. Re1 Rf2 26. Bg7+ Kxg7 27. e8Q Rxe8 28. Rxe8 Bxf3+ 29. Qxf3 Rxf3 0-1

[Event "Oberliga Wuerttemberg 0708"]
[Site "Wuerttemberg"]
[Date "2008.03.09"]
[Round "7.8"]
[White "Migl, Dieter"]
[Black "Bauer, Peter"]
[Result "0-1"]
[WhiteElo "2221"]
[BlackElo "2293"]
[PlyCount "78"]
[EventDate "2007.10.07"]
[EventType "team-tourn"]
[EventRounds "9"]
[EventCountry "GER"]
[SourceTitle "EXT 2018"]
[Source "ChessBase"]
[SourceDate "2017.10.13"]
[SourceVersion "1"]
[SourceVersionDate "2017.10.13"]
[SourceQuality "1"]
[WhiteTeam "Stuttgart SF"]
[BlackTeam "Boeblingen"]
[WhiteTeamCountry "GER"]
[BlackTeamCountry "GER"]

1. e4 c5 2. Nf3 d6 3. d4 cxd4 4. Nxd4 Nf6 5. f3 e5 6. Nb3 d5 7. Bg5 Be6 8. Bxf6 gxf6 9. exd5 Qxd5 10. Qxd5 Bxd5 11. Nc3 Bc6 12. 0-0-0 a6 13. Bc4 Be7 14. Nd5 Bd8 15. Nc5 Nd7 16. Ne4 0-0 17. g4 Kg7 18. Bb3 a5 19. a3 Nb6 20. Nd6 a4 21. Ba2 Ra5 22. c4 Nd7 23. Rhf1 Nc5 24. Ne4 Ne6 25. Kb1 Ra8 26. h4 Rb8 27. h5 h6 28. Ka1 Nd4 29. c5 Bxd5 30. Bxd5 Nc2+ 31. Ka2 Ne3 32. Rfe1 Nxd1 33. Rxd1 Be7 34. b4 axb3+ 35. Kxb3 Rfd8 36. a4 Rbc8 37. Ng3 Rxc5 38. Nf5+ Kf8 39. Ne3 f5 0-1

[Event "Oberliga Wuerttemberg 0708"]
[Site "Wuerttemberg"]
[Date "2007.12.09"]
[Round "4.7"]
[White "Migl, Dieter"]
[Black "Laske, Matthias"]
[Result "1/2-1/2"]
[WhiteElo "2221"]
[BlackElo "2194"]
[PlyCount "23"]
[EventDate "2007.10.07"]
[EventType "team-tourn"]
[EventRounds "9"]
[EventCountry "GER"]
[SourceTitle "EXT 2018"]
[Source "ChessBase"]
[SourceDate "2017.10.13"]
[SourceVersion "1"]
[SourceVersionDate "2017.10.13"]
[SourceQuality "1"]
[WhiteTeam "Stuttgart SF"]
[BlackTeam "Ulm Post"]
[WhiteTeamCountry "GER"]
[BlackTeamCountry "GER"]

1. e4 e5 2. Nf3 Nc6 3. d4 exd4 4. Bc4 Bc5 5. c3 Nf6 6. cxd4 Bb4+ 7. Bd2 Bxd2+ 8. Nbxd2 d5 9. exd5 Nxd5 10. Qb3 Na5 11. Qa4+ Nc6 12. Qb3 1/2-1/2

[Event "Oberliga Wuerttemberg 0708"]
[Site "Wuerttemberg"]
[Date "2007.11.04"]
[Round "3.8"]
[White "Migl, Dieter"]
[Black "Hoefer, Daniel"]
[Result "1-0"]
[WhiteElo "2221"]
[BlackElo "2113"]
[PlyCount "81"]
[EventDate "2007.10.07"]
[EventType "team-tourn"]
[EventRounds "9"]
[EventCountry "GER"]
[SourceTitle "EXT 2018"]
[Source "ChessBase"]
[SourceDate "2017.10.13"]
[SourceVersion "1"]
[SourceVersionDate "2017.10.13"]
[SourceQuality "1"]
[WhiteTeam "Stuttgart SF"]
[BlackTeam "Rommelshausen"]
[WhiteTeamCountry "GER"]
[BlackTeamCountry "GER"]

1. e4 c6 2. d4 d5 3. Nd2 dxe4 4. Nxe4 Nd7 5. c3 Ngf6 6. Bd3 Nxe4 7. Bxe4 Nf6 8. Bc2 Bg4 9. Ne2 Bh5 10. 0-0 e6 11. Qe1 Bg6 12. Bb3 Be7 13. f4 a5 14. Ng3 Qd7 15. a4 0-0 16. Be3 Nd5 17. Rd1 Bh4 18. Bc1 Qc7 19. Qe2 Nf6 20. Qf3 Rfd8 21. Kh1 Bxg3 22. Qxg3 Qb6 23. Ba2 Bc2 24. Rde1 Bxa4 25. f5 Bb3 26. Bxb3 Qxb3 27. fxe6 Nh5 28. Qe5 Qxe6 29. Qxh5 Qd7 30. Re2 Re8 31. Rfe1 Rxe2 32. Qxe2 b5 33. Kg1 h6 34. h3 Qd6 35. Qf3 a4 36. Bf4 Qd7 37. Qg3 Kh8 38. Be5 f6 39. Bd6 Rd8 40. Re7 Qxd6 41. Qxg7# 1-0

[Event "Oberliga Wuerttemberg 0708"]
[Site "Wuerttemberg"]
[Date "2007.10.21"]
[Round "2.7"]
[White "Migl, Dieter"]
[Black "Hehn, Hartmut"]
[Result "1/2-1/2"]
[WhiteElo "2221"]
[BlackElo "2087"]
[PlyCount "67"]
[EventDate "2007.10.07"]
[EventType "team-tourn"]
[EventRounds "9"]
[EventCountry "GER"]
[SourceTitle "EXT 2018"]
[Source "ChessBase"]
[SourceDate "2017.10.13"]
[SourceVersion "1"]
[SourceVersionDate "2017.10.13"]
[SourceQuality "1"]
[WhiteTeam "Stuttgart SF"]
[BlackTeam "Ebersbach"]
[WhiteTeamCountry "GER"]
[BlackTeamCountry "GER"]

1. e4 c5 2. Nf3 Nf6 3. e5 Nd5 4. c3 e6 5. d4 cxd4 6. cxd4 d6 7. a3 Nc6 8. Bd3 Qc7 9. 0-0 dxe5 10. dxe5 Nxe5 11. Nxe5 Qxe5 12. Bb5+ Bd7 13. Bxd7+ Kxd7 14. Qa4+ Ke7 15. Nc3 f6 16. Nxd5+ Qxd5 17. Be3 Qc6 18. Qb3 b6 19. Rfd1 Kf7 20. Rac1 Qb7 21. Qa4 b5 22. Qa5 Be7 23. Rc7 Rhd8 24. Re1 Qd5 25. Bc5 Rd7 26. Bxe7 Rxe7 27. Rec1 Rd8 28. g3 Rdd7 29. Qxa7 Rxc7 30. Rxc7 Qd1+ 31. Kg2 Qd5+ 32. Kg1 Qd1+ 33. Kg2 Qd5+ 34. Kg1 1/2-1/2

[Event "BL2-Sued 0506"]
[Site "Germany"]
[Date "2005.12.11"]
[Round "4.6"]
[White "Schmidt, Stefan"]
[Black "Migl, Dieter"]
[Result "0-1"]
[WhiteElo "2234"]
[BlackElo "2213"]
[PlyCount "78"]
[EventDate "2005.10.23"]
[EventType "team-tourn"]
[EventRounds "9"]
[EventCountry "GER"]
[SourceTitle "EXT 2007"]
[Source "ChessBase"]
[SourceDate "2006.11.23"]
[SourceVersion "1"]
[SourceVersionDate "2006.11.23"]
[SourceQuality "1"]
[WhiteTeam "Viernheim"]
[BlackTeam "Stuttgart"]
[WhiteTeamCountry "GER"]
[BlackTeamCountry "GER"]

1. e4 c5 2. b3 e6 3. Bb2 a6 4. g3 d6 5. Bg2 Nf6 6. Ne2 Be7 7. 0-0 0-0 8. f4 Nc6 9. Na3 Qc7 10. Nc4 d5 11. exd5 exd5 12. Ne5 Bf5 13. d3 Rad8 14. h3 d4 15. Nxc6 bxc6 16. Bc1 h5 17. Bd2 Rfe8 18. Qe1 Bd6 19. Qf2 Qd7 20. Kh2 Nd5 21. Rae1 Re6 22. Ng1 Rde8 23. Nf3 Ne3 24. Bxe3 Rxe3 25. Rxe3 Rxe3 26. Re1 Qe7 27. Rxe3 dxe3 28. Qe2 Bd7 29. c3 g6 30. d4 cxd4 31. cxd4 c5 32. dxc5 Bxc5 33. Qxa6 e2 34. Qa8+ Kg7 35. Qd5 Qe6 36. Qe5+ Qxe5 37. fxe5 Bb4 38. Kg1 Bc6 39. Kf2 Bxf3 0-1

[Event "Bundesliga 0405"]
[Site "Germany"]
[Date "2005.04.10"]
[Round "15.8"]
[White "Rosen, Bernd"]
[Black "Migl, Dieter"]
[Result "1/2-1/2"]
[WhiteElo "2301"]
[BlackElo "2198"]
[PlyCount "46"]
[EventDate "2004.11.12"]
[EventType "team-tourn"]
[EventRounds "15"]
[EventCountry "GER"]
[SourceTitle "CBM 107"]
[Source "ChessBase"]
[SourceDate "2005.08.01"]
[SourceVersion "1"]
[SourceVersionDate "2005.08.01"]
[SourceQuality "1"]
[WhiteTeam "Katernberg"]
[BlackTeam "Stuttgart"]
[WhiteTeamCountry "GER"]
[BlackTeamCountry "GER"]

1. c4 e6 2. Nf3 Nf6 3. g3 d5 4. Bg2 Be7 5. 0-0 0-0 6. d4 c5 7. cxd5 exd5 8. dxc5 Bxc5 9. Qc2 Bb6 10. Nc3 h6 11. Rd1 Nc6 12. Na4 Re8 13. h3 Bd7 14. Nxb6 Qxb6 15. Be3 Rxe3 16. fxe3 Qxe3+ 17. Kh2 Re8 18. Qd2 Qxe2 19. Re1 Qc4 20. Rxe8+ Bxe8 21. b3 Qc5 22. Rd1 Bd7 23. Nd4 Nxd4 1/2-1/2

[Event "Bundesliga 0405"]
[Site "Germany"]
[Date "2005.01.29"]
[Round "8.8"]
[White "Enders, Peter"]
[Black "Migl, Dieter"]
[Result "1-0"]
[WhiteElo "2456"]
[BlackElo "2198"]
[PlyCount "53"]
[EventDate "2004.11.12"]
[EventType "team-tourn"]
[EventRounds "15"]
[EventCountry "GER"]
[SourceTitle "CBM 106"]
[Source "ChessBase"]
[SourceDate "2005.06.06"]
[SourceVersion "1"]
[SourceVersionDate "2005.06.06"]
[SourceQuality "1"]
[WhiteTeam "Erfurt"]
[BlackTeam "Stuttgart"]
[WhiteTeamCountry "GER"]
[BlackTeamCountry "GER"]

1. e4 c5 2. Nf3 Nc6 3. d4 cxd4 4. Nxd4 Nf6 5. Nc3 d6 6. Bc4 e6 7. Be3 Be7 8. Qe2 0-0 9. 0-0-0 Bd7 10. Kb1 Rc8 11. Bb3 Nxd4 12. Rxd4 Qa5 13. Rhd1 Rfd8 14. g4 Bc6 15. g5 Nd7 16. h4 b5 17. Bc1 Bf8 18. a3 Ne5 19. h5 Nc4 20. g6 Be8 21. gxf7+ Bxf7 22. Nxb5 e5 23. Rd5 Bxd5 24. Rxd5 Nb6 25. Nxd6 Nxd5 26. Bxd5+ Kh8 27. Nf7+ 1-0

[Event "Bundesliga 0304"]
[Site "Germany"]
[Date "2004.03.28"]
[Round "13.8"]
[White "Van den Doel, Erik"]
[Black "Migl, Dieter"]
[Result "1-0"]
[WhiteElo "2609"]
[BlackElo "2255"]
[PlyCount "73"]
[EventDate "2003.11.01"]
[EventType "team-tourn"]
[EventRounds "15"]
[EventCountry "GER"]
[SourceTitle "CBM 100"]
[Source "ChessBase"]
[SourceDate "2004.06.01"]
[SourceVersion "1"]
[SourceVersionDate "2004.06.01"]
[SourceQuality "1"]
[WhiteTeam "Koeln Porz"]
[BlackTeam "Stuttgart"]
[WhiteTeamCountry "GER"]
[BlackTeamCountry "GER"]

1. e4 c5 2. Nf3 Nc6 3. d4 cxd4 4. Nxd4 Nf6 5. Nc3 d6 6. Bg5 e6 7. Qd2 a6 8. 0-0-0 Bd7 9. Nxc6 Bxc6 10. Qe1 Be7 11. f4 b5 12. Bd3 Ra7 13. e5 Nd5 14. Bxe7 Nxe7 15. exd6 Qxd6 16. Qg3 Qc5 17. f5 0-0 18. fxe6 fxe6 19. Rhe1 Nf5 20. Qh3 Rf6 21. Ne4 Bxe4 22. Bxe4 g6 23. Kb1 Nd6 24. Bd3 Rc7 25. Qh4 Kg7 26. Qg3 e5 27. Qg5 a5 28. h4 h6 29. Qd2 b4 30. Bf1 Rf2 31. Re2 Rxe2 32. Bxe2 Nf5 33. h5 Nd4 34. hxg6 a4 35. Rh1 Nf5 36. g4 Qe3 37. Qxb4 1-0